Sociálna politika Európskej únie
Sociálna politika a sociálne práva občanov EÚ zohrávajú dôležitú úlohu v procese formovania modernej občianskej spoločnosti. Významné dokumenty, ktoré upravujú problematiku sociálnej politiky a ochrany sociálnych práv. Sociálna politika a oblasť ľudských práv. Inštitucionálna oblasť ochrany sociálny...
Salvato in:
| Autore principale: | |
|---|---|
| Natura: | Capitolo di libro |
| Lingua: | slovacco |
| Soggetti: | |
| Tags: |
Nessun Tag, puoi essere il primo ad aggiungerne!!
|
MARC
| LEADER | 00000naa$a2200000$$$4500 | ||
|---|---|---|---|
| 001 | 0044039 | ||
| 005 | 20230808080123.1 | ||
| 041 | 0 | |a slo | |
| 044 | |a SK | ||
| 245 | 1 | 0 | |a Sociálna politika Európskej únie |c Daniela Nováčková |
| 520 | |a Sociálna politika a sociálne práva občanov EÚ zohrávajú dôležitú úlohu v procese formovania modernej občianskej spoločnosti. Významné dokumenty, ktoré upravujú problematiku sociálnej politiky a ochrany sociálnych práv. Sociálna politika a oblasť ľudských práv. Inštitucionálna oblasť ochrany sociálnych práv občanov. Lisabonská stratégia - hlavné princípy sociálnej politiky. Zmluva o ústave pre Európu. | ||
| 610 | 2 | 0 | |a politika sociálna |
| 610 | 2 | 0 | |a práva sociálne |
| 610 | 2 | 0 | |a Európska únia |
| 610 | 2 | 0 | |a práva ľudské |
| 610 | 2 | 0 | |a zmluvy |
| 610 | 2 | 0 | |a smernice |
| 100 | 1 | |a Nováčková, Daniela | |